| 000 | 003400000a22001450004500 | ||
|---|---|---|---|
| 003 | MACL | ||
| 040 | _aMACL | ||
| 090 |
_c31339 _d31338 |
||
| 100 | _aRobison, Lyn | ||
| 245 | _aDatabase Programming with Visual C++6 in 21 Days | ||
| 260 |
_bTechmedia _c1999 |
||
| 350 | _a270 | ||
| 650 | _aComputer Programming | ||
| 942 |
_cBOOK _k0005.133 ROB |
||
| 999 |
_c31025 _d31025 |
||